| 000 | 01491nam a2200361Ia 4500 | ||
|---|---|---|---|
| 001 | ebr10271546 | ||
| 003 | CaPaEBR | ||
| 006 | m u | ||
| 007 | cr cn||||||||| | ||
| 008 | 041013s2005 enka sb 001 0 eng d | ||
| 010 | _z 2004024152 | ||
| 020 | _z9786610752430 | ||
| 020 | _z0199272263 | ||
| 020 | _z0199204349 | ||
| 040 |
_aCaPaEBR _cCaPaEBR |
||
| 035 | _a(OCoLC)252624242 | ||
| 050 | 1 | 4 |
_aP295 _b.S413 2005eb |
| 245 | 0 | 0 |
_aSecondary predication and adverbial modification _h[electronic resource] : _bthe typology of depictives / _cedited by Nikolaus P. Himmelmann and Eva Schultze-Berndt. |
| 260 |
_aOxford ; _aNew York : _bOxford University Press, _c2005. |
||
| 300 |
_axxv, 448 p. : _bill. |
||
| 504 | _aIncludes bibliographical references (p. [423]-440) and index. | ||
| 533 |
_aElectronic reproduction. _bPalo Alto, Calif. : _cebrary, _d2011. _nAvailable via World Wide Web. _nAccess may be limited to ebrary affiliated libraries. |
||
| 650 | 0 |
_aGrammar, Comparative and general _xSyntax. |
|
| 650 | 0 |
_aGrammar, Comparative and general _xVerb phrase. |
|
| 650 | 0 |
_aGrammar, Comparative and general _xAdverbials. |
|
| 650 | 0 | _aSemantics. | |
| 650 | 0 | _aTypology (Linguistics) | |
| 655 | 7 |
_aElectronic books. _2local |
|
| 700 | 1 |
_aHimmelmann, Nikolaus, _d1959- |
|
| 700 | 1 | _aSchultze-Berndt, Eva. | |
| 710 | 2 | _aebrary, Inc. | |
| 856 | 4 | 0 |
_uhttp://site.ebrary.com/lib/rucke/Doc?id=10271546 _zAn electronic book accessible through the World Wide Web; click to view |
| 999 |
_c22243 _d22243 |
||